<?xml version="1.0" encoding="UTF-8"?>
<record
    xmlns:xsi="http://www.w3.org/2001/XMLSchema-instance"
    xsi:schemaLocation="http://www.loc.gov/MARC21/slim http://www.loc.gov/standards/marcxml/schema/MARC21slim.xsd"
    xmlns="http://www.loc.gov/MARC21/slim">

  <leader>00883cam a2200265 a 4500</leader>
  <datafield tag="952" ind1=" " ind2=" ">
    <subfield code="0">0</subfield>
    <subfield code="1">0</subfield>
    <subfield code="4">0</subfield>
    <subfield code="7">0</subfield>
    <subfield code="8">NFIC</subfield>
    <subfield code="a">CCL</subfield>
    <subfield code="b">CCL</subfield>
    <subfield code="c">GEN</subfield>
    <subfield code="d">2020-12-03</subfield>
    <subfield code="l">0</subfield>
    <subfield code="o">P 90 GAM 2009</subfield>
    <subfield code="p">007684</subfield>
    <subfield code="r">2020-12-03 00:00:00</subfield>
    <subfield code="t">c.1</subfield>
    <subfield code="w">2020-12-03</subfield>
    <subfield code="y">BK</subfield>
  </datafield>
  <datafield tag="952" ind1=" " ind2=" ">
    <subfield code="0">0</subfield>
    <subfield code="1">0</subfield>
    <subfield code="4">0</subfield>
    <subfield code="7">0</subfield>
    <subfield code="8">NFIC</subfield>
    <subfield code="a">CCL</subfield>
    <subfield code="b">CCL</subfield>
    <subfield code="c">GEN</subfield>
    <subfield code="d">2020-12-03</subfield>
    <subfield code="l">0</subfield>
    <subfield code="o">P 90 GAM 2009</subfield>
    <subfield code="p">007883</subfield>
    <subfield code="r">2020-12-03 00:00:00</subfield>
    <subfield code="t">c.2</subfield>
    <subfield code="w">2020-12-03</subfield>
    <subfield code="y">BK</subfield>
  </datafield>
  <datafield tag="952" ind1=" " ind2=" ">
    <subfield code="0">0</subfield>
    <subfield code="1">0</subfield>
    <subfield code="4">0</subfield>
    <subfield code="7">0</subfield>
    <subfield code="8">NFIC</subfield>
    <subfield code="a">CCL</subfield>
    <subfield code="b">CCL</subfield>
    <subfield code="c">GEN</subfield>
    <subfield code="d">2020-12-03</subfield>
    <subfield code="l">0</subfield>
    <subfield code="o">P 90 GAM 2009</subfield>
    <subfield code="p">007943</subfield>
    <subfield code="r">2020-12-03 00:00:00</subfield>
    <subfield code="t">c.3</subfield>
    <subfield code="w">2020-12-03</subfield>
    <subfield code="y">BK</subfield>
  </datafield>
  <datafield tag="952" ind1=" " ind2=" ">
    <subfield code="0">0</subfield>
    <subfield code="1">0</subfield>
    <subfield code="4">0</subfield>
    <subfield code="7">0</subfield>
    <subfield code="8">NFIC</subfield>
    <subfield code="a">CCL</subfield>
    <subfield code="b">CCL</subfield>
    <subfield code="c">GEN</subfield>
    <subfield code="d">2020-12-03</subfield>
    <subfield code="l">0</subfield>
    <subfield code="o">P 90 GAM 2009</subfield>
    <subfield code="p">011066</subfield>
    <subfield code="r">2020-12-03 00:00:00</subfield>
    <subfield code="t">c.4</subfield>
    <subfield code="w">2020-12-03</subfield>
    <subfield code="y">BK</subfield>
  </datafield>
  <datafield tag="952" ind1=" " ind2=" ">
    <subfield code="0">0</subfield>
    <subfield code="1">0</subfield>
    <subfield code="4">0</subfield>
    <subfield code="7">0</subfield>
    <subfield code="8">NFIC</subfield>
    <subfield code="a">CCL</subfield>
    <subfield code="b">CCL</subfield>
    <subfield code="c">GEN</subfield>
    <subfield code="d">2020-12-03</subfield>
    <subfield code="l">0</subfield>
    <subfield code="o">P 90 GAM 2009</subfield>
    <subfield code="p">007396</subfield>
    <subfield code="r">2020-12-03 00:00:00</subfield>
    <subfield code="t">c.5</subfield>
    <subfield code="w">2020-12-03</subfield>
    <subfield code="y">BK</subfield>
  </datafield>
  <datafield tag="952" ind1=" " ind2=" ">
    <subfield code="0">0</subfield>
    <subfield code="1">0</subfield>
    <subfield code="4">0</subfield>
    <subfield code="7">0</subfield>
    <subfield code="8">NFIC</subfield>
    <subfield code="a">CCL</subfield>
    <subfield code="b">CCL</subfield>
    <subfield code="c">GEN</subfield>
    <subfield code="d">2020-12-03</subfield>
    <subfield code="l">0</subfield>
    <subfield code="o">P 90 GAM 2009</subfield>
    <subfield code="p">007379</subfield>
    <subfield code="r">2020-12-03 00:00:00</subfield>
    <subfield code="t">c.6</subfield>
    <subfield code="w">2020-12-03</subfield>
    <subfield code="y">BK</subfield>
  </datafield>
  <datafield tag="952" ind1=" " ind2=" ">
    <subfield code="0">0</subfield>
    <subfield code="1">0</subfield>
    <subfield code="4">0</subfield>
    <subfield code="7">0</subfield>
    <subfield code="8">NFIC</subfield>
    <subfield code="a">CCL</subfield>
    <subfield code="b">CCL</subfield>
    <subfield code="c">GEN</subfield>
    <subfield code="d">2020-12-03</subfield>
    <subfield code="l">0</subfield>
    <subfield code="o">P 90 GAM 2009</subfield>
    <subfield code="p">G22838</subfield>
    <subfield code="r">2020-12-03 00:00:00</subfield>
    <subfield code="t">c.7</subfield>
    <subfield code="w">2020-12-03</subfield>
    <subfield code="y">BK</subfield>
  </datafield>
  <datafield tag="952" ind1=" " ind2=" ">
    <subfield code="0">0</subfield>
    <subfield code="1">0</subfield>
    <subfield code="4">0</subfield>
    <subfield code="7">0</subfield>
    <subfield code="8">NFIC</subfield>
    <subfield code="a">CCL</subfield>
    <subfield code="b">CCL</subfield>
    <subfield code="c">GEN</subfield>
    <subfield code="d">2021-05-10</subfield>
    <subfield code="i">007884</subfield>
    <subfield code="l">1</subfield>
    <subfield code="o">P 90 GAM 2009</subfield>
    <subfield code="p">007884</subfield>
    <subfield code="r">2023-09-22 00:00:00</subfield>
    <subfield code="s">2023-09-13</subfield>
    <subfield code="t">c.8</subfield>
    <subfield code="w">2021-05-10</subfield>
    <subfield code="y">BK</subfield>
  </datafield>
  <datafield tag="952" ind1=" " ind2=" ">
    <subfield code="0">0</subfield>
    <subfield code="1">0</subfield>
    <subfield code="4">0</subfield>
    <subfield code="7">0</subfield>
    <subfield code="8">NFIC</subfield>
    <subfield code="a">MCL</subfield>
    <subfield code="b">MCL</subfield>
    <subfield code="c">GEN</subfield>
    <subfield code="d">2021-05-17</subfield>
    <subfield code="i">007393</subfield>
    <subfield code="l">1</subfield>
    <subfield code="o">P90 GAM 2009</subfield>
    <subfield code="p">007393</subfield>
    <subfield code="r">2022-09-01 00:00:00</subfield>
    <subfield code="s">2022-08-31</subfield>
    <subfield code="t">c.9</subfield>
    <subfield code="w">2021-05-17</subfield>
    <subfield code="y">BK</subfield>
  </datafield>
  <datafield tag="952" ind1=" " ind2=" ">
    <subfield code="0">0</subfield>
    <subfield code="1">0</subfield>
    <subfield code="4">0</subfield>
    <subfield code="7">0</subfield>
    <subfield code="8">NFIC</subfield>
    <subfield code="a">MCL</subfield>
    <subfield code="b">MCL</subfield>
    <subfield code="c">GEN</subfield>
    <subfield code="d">2021-05-17</subfield>
    <subfield code="i">007944</subfield>
    <subfield code="l">0</subfield>
    <subfield code="o">P90 GAM 2009</subfield>
    <subfield code="p">007944</subfield>
    <subfield code="r">2021-05-17 00:00:00</subfield>
    <subfield code="t">c.10</subfield>
    <subfield code="w">2021-05-17</subfield>
    <subfield code="y">BK</subfield>
  </datafield>
  <datafield tag="952" ind1=" " ind2=" ">
    <subfield code="0">0</subfield>
    <subfield code="1">0</subfield>
    <subfield code="4">0</subfield>
    <subfield code="7">0</subfield>
    <subfield code="8">NFIC</subfield>
    <subfield code="a">MCL</subfield>
    <subfield code="b">MCL</subfield>
    <subfield code="c">GEN</subfield>
    <subfield code="d">2021-05-17</subfield>
    <subfield code="i">007394</subfield>
    <subfield code="l">0</subfield>
    <subfield code="o">P90 GAM 2009</subfield>
    <subfield code="p">007394</subfield>
    <subfield code="r">2021-05-17 00:00:00</subfield>
    <subfield code="t">c.11</subfield>
    <subfield code="w">2021-05-17</subfield>
    <subfield code="y">BK</subfield>
  </datafield>
  <datafield tag="952" ind1=" " ind2=" ">
    <subfield code="0">0</subfield>
    <subfield code="1">0</subfield>
    <subfield code="4">0</subfield>
    <subfield code="7">0</subfield>
    <subfield code="8">NFIC</subfield>
    <subfield code="a">MCL</subfield>
    <subfield code="b">MCL</subfield>
    <subfield code="c">GEN</subfield>
    <subfield code="d">2021-05-17</subfield>
    <subfield code="i">011065</subfield>
    <subfield code="l">0</subfield>
    <subfield code="o">P90 GAM 2009</subfield>
    <subfield code="p">011065</subfield>
    <subfield code="r">2021-05-17 00:00:00</subfield>
    <subfield code="t">c.12</subfield>
    <subfield code="w">2021-05-17</subfield>
    <subfield code="y">BK</subfield>
  </datafield>
  <datafield tag="952" ind1=" " ind2=" ">
    <subfield code="0">0</subfield>
    <subfield code="1">0</subfield>
    <subfield code="4">0</subfield>
    <subfield code="7">0</subfield>
    <subfield code="8">NFIC</subfield>
    <subfield code="a">MCL</subfield>
    <subfield code="b">MCL</subfield>
    <subfield code="c">GEN</subfield>
    <subfield code="d">2021-05-21</subfield>
    <subfield code="l">0</subfield>
    <subfield code="o">P90 GAM 2009</subfield>
    <subfield code="p">011068</subfield>
    <subfield code="r">2021-05-21 00:00:00</subfield>
    <subfield code="t">C.13</subfield>
    <subfield code="w">2021-05-21</subfield>
    <subfield code="y">BK</subfield>
  </datafield>
  <datafield tag="999" ind1=" " ind2=" ">
    <subfield code="c">3631</subfield>
    <subfield code="d">3631</subfield>
  </datafield>
  <controlfield tag="001">15875977</controlfield>
  <controlfield tag="003">GZU</controlfield>
  <controlfield tag="005">20201203080703.0</controlfield>
  <controlfield tag="008">090820s2010    nyua          000 0 eng  </controlfield>
  <datafield tag="010" ind1=" " ind2=" ">
    <subfield code="a">  2009935314</subfield>
  </datafield>
  <datafield tag="020" ind1=" " ind2=" ">
    <subfield code="a">9780073406725 (pbk. : alk. paper)</subfield>
  </datafield>
  <datafield tag="020" ind1=" " ind2=" ">
    <subfield code="a">0073406724 (pbk. : alk. paper)</subfield>
  </datafield>
  <datafield tag="040" ind1=" " ind2=" ">
    <subfield code="a">DLC</subfield>
    <subfield code="c">DLC</subfield>
    <subfield code="d">DLC</subfield>
  </datafield>
  <datafield tag="050" ind1="0" ind2="0">
    <subfield code="a">P90</subfield>
    <subfield code="b">.GAM 2010</subfield>
  </datafield>
  <datafield tag="100" ind1="1" ind2=" ">
    <subfield code="a">Gamble, Teri Kwal.</subfield>
  </datafield>
  <datafield tag="245" ind1="1" ind2="0">
    <subfield code="a">Communication works /</subfield>
    <subfield code="c">Teri Kwal Gamble, Michael Gamble.</subfield>
  </datafield>
  <datafield tag="250" ind1=" " ind2=" ">
    <subfield code="a">10th ed.</subfield>
  </datafield>
  <datafield tag="260" ind1=" " ind2=" ">
    <subfield code="a">New York, NY :</subfield>
    <subfield code="b">McGraw-Hill,</subfield>
    <subfield code="c">c2010.</subfield>
  </datafield>
  <datafield tag="300" ind1=" " ind2=" ">
    <subfield code="a">xxx, 524 p. :</subfield>
    <subfield code="b">ill. (some col.) ;</subfield>
    <subfield code="c">26 cm.</subfield>
  </datafield>
  <datafield tag="650" ind1=" " ind2="0">
    <subfield code="a">Communication.</subfield>
  </datafield>
  <datafield tag="700" ind1="1" ind2=" ">
    <subfield code="a">Gamble, Michael.</subfield>
  </datafield>
  <datafield tag="906" ind1=" " ind2=" ">
    <subfield code="a">7</subfield>
    <subfield code="b">cbc</subfield>
    <subfield code="c">orignew</subfield>
    <subfield code="d">2</subfield>
    <subfield code="e">epcn</subfield>
    <subfield code="f">20</subfield>
    <subfield code="g">y-gencatlg</subfield>
  </datafield>
  <datafield tag="942" ind1=" " ind2=" ">
    <subfield code="2">lcc</subfield>
    <subfield code="c">BK</subfield>
    <subfield code="e">10 th ed.</subfield>
    <subfield code="h">90</subfield>
    <subfield code="i">GAM</subfield>
    <subfield code="k">P</subfield>
  </datafield>
</record>
